[Event "EU-Cup 21st"]
[Site "Saint Vincent"]
[Date "2005.09.19"]
[Round "2.5"]
[White "Nyback, Tomi"]
[Black "Socko, Bartosz"]
[Result "1-0"]
[WhiteElo "2571"]
[BlackElo "2615"]
[Annotator "Huzman,A"]
[PlyCount "137"]
[EventDate "2005.09.18"]
[EventType "team-swiss"]
[EventRounds "7"]
[EventCountry "ITA"]
[SourceTitle "CBM 110"]
[Source "ChessBase"]
[SourceDate "2006.01.31"]
[SourceVersion "1"]
[SourceVersionDate "2006.01.31"]
[SourceQuality "1"]
[WhiteTeam "Werder Bremen"]
[BlackTeam "Warsaw Polonia"]
[WhiteTeamCountry "GER"]
[BlackTeamCountry "POL"]

1. d4 d5 2. Nf3 Nf6 3. c4 dxc4 4. e3 e6 5. Bxc4 c5 6. O-O a6 7. a4 Nc6 8. Qe2
cxd4 9. Rd1 Be7 10. exd4 O-O 11. Nc3 Nd5 12. Bb3 Ncb4 13. Ne5 Bd7 14. Qg4 (14.
Nxd5 Nxd5 (14... exd5 15. Qf3 Be6 16. Bd2 $14 {1-0 Aseev,K-Vaulin,A/Elista
2001/CBM 083/[Huzman] (79)}) 15. Bd2 (15. Rd3 Rc8 (15... Bc6 16. Rg3 $6 Bf6 17.
Bc2 g6 $8 18. Bh6 Re8 19. Re1 Qb6 20. Rg4 Ne7 21. h4 Nf5 22. Bg5 Bg7 23. h5
Qxb2 24. h6 Bf8 25. d5 $8 Bxd5 26. Nd7 Nxh6 27. Rh4 Be7 $8 {1-0 Magerramov,
E-Raetsky,A/Rostov 1993/CBM 36/[Chekhov] (40)}) 16. Bd2 (16. Rg3 Bh4 17. Rg4
Bf6 18. h4 Bc6 19. Bg5 h5 20. Nxc6 Rxc6 21. Bxd5 exd5 {1/2-1/2 Ionov,S-Makarov,
M/Tomsk 2001/CBM 82 ext (21)}) 16... Bc6 17. Re1 (17. Rh3 Nf6 18. Bc3 Be4 19.
f3 Bg6 20. f4 Nd5 21. Rf1 Bf6 22. g4 Bxe5 23. Qxe5 Nxc3 24. bxc3 Qb6 25. c4
Rfd8 26. Rd1 Qc6 27. d5 exd5 28. cxd5 Qc5+ 29. Qe3 $14 {1-0 Lerner,K-Kharlov,A/
Moscow Aeroflot-A 2003 (42)}) 17... Bf6 18. Ng4 Bg5 $11 {1/2-1/2 Hort,
V-Chandler,M/Biel 1987/CBM 03 (33)}) 15... Bd6 16. Qf3 Bc6 17. Rac1 Rc8 18. Qd3
Bxe5 19. dxe5 Qh4 20. Rc4 Qh5 $11 {1/2-1/2 Tihonov,J-Rodchenkov,V/Samara 2002/
CBM 89 ext (63)}) (14. h3 $5 Be8 15. Qf3 Rc8 16. Bd2 Nxc3 17. bxc3 Nc6 18. Bf4
Bd6 19. Qg3 $14 {Vyzmanavin,A-Ehlvest,J Tilburg 1992/}) (14. Bd2 Bc6 15. Rac1
a5 (15... Bg5 16. Nxc6 Nxc6 17. Bxg5 Qxg5 18. Nxd5 exd5 19. Qe3 $14 {1/2-1/2
Glyanets,A-Vaulin,A/Ekaterinburg 1997/CBM 57 ext (73)}) 16. Ne4 Qe8 (16... Rc8
17. Nc5 Qd6 18. Nc4 Qd8 19. Nxa5 Qxa5 20. Bxd5 Bxd5 21. Qe1 Bxc5 22. dxc5 Qxa4
23. Bxb4 Qc6 24. f3 Ra8 25. Qe3 f6 {1/2-1/2 Gruenberg,R-Bischoff,K/BL8485 1985/
GER-chT (25)}) 17. Bxb4 Nxb4 18. Nxc6 bxc6 19. Rc4 Qb8 20. g3 Rd8 21. Nc5 Bxc5
22. Rxc5 Na6 23. Rc3 Qb6 24. Qc4 Rd6 $11 {0-1 Haba,P-Voloshin,L/CZE 1997/EXT
98 (52)}) (14. Qf3 Be8 15. Qh3 Rc8 16. Bd2 Qd6 17. Nxd5 Nxd5 18. Bxd5 exd5 19.
Qxc8 Bxa4 20. Qc3 {1-0 Hansen,C-Sorensen,T/Hinnerup 1979/EXT 98 (20)}) (14. Ne4
Rc8 15. Nc5 Bxc5 16. dxc5 Rxc5 $15 {1/2-1/2 Kaidanov,G-Sorokin,M/Moscow 2005/
CBM 106/[Huzman] (23)}) 14... Nf6 15. Qg3 Bc6 (15... Kh8 16. d5 exd5 17. Nxd5
Nbxd5 18. Bxd5 Be6 19. Bh6 gxh6 20. Bxe6 Qe8 21. Bb3 Ne4 22. Qf3 Ng5 23. Qf5
Rd8 24. h4 Ne6 25. Bc2 {1-0 Rogozenko,D-Vaulin,A/Pardubice 1997/CBM 59 ext (25)
}) 16. Nxc6 (16. Bh6 Ne8 17. Rac1 (17. Bf4 Nf6 18. Nxc6 bxc6 19. Bc7 Qd7 20.
Be5 g6 21. a5 Nfd5 22. Qf3 f6 23. Bg3 Rf7 24. Re1 Bf8 25. Na4 Re8 26. Qe2 Qa7
27. Qc4 f5 28. Be5 $16 {1-0 Lukacs,P-Arnold,L/Budapest 2001/CBM 83 ext (39)})
17... Rc8 18. Qg4 (18. Bf4 Nd6 19. Qg4 Bd5 20. Bxd5 exd5 21. Bh6 Bf6 22. Nd7
Re8 23. Re1 Rc7 $11 {1/2-1/2 Ct 14-Crafty 18/Sweden computers 2002 (137)})
18... Kh8 19. d5 Bxd5 20. Nxd5 Rxc1 21. Rxc1 exd5 22. Qf5 $44 {Magerramov,
E-Ibragimov,I Moscow 1991/}) 16... bxc6 17. a5 Nbd5 (17... Bd6 18. Qh4 h6 $11)
18. Qf3 Qc7 19. Bd2 Rfb8 20. Na4 Ne4 (20... Bd6 21. h3 Ne4 22. Be1 Qe7 23. Bc2
Nef6 24. Bd3 $14 {/=}) 21. Be1 Ng5 $6 {This strange manoeuvre of the Nf6
creates problems only for Black.} 22. Qd3 Bd6 23. g3 Qb7 24. Bc2 f5 (24... Qb5
25. Kg2 $14) 25. Bd2 Ne4 26. Qe2 $14 Qf7 (26... Re8 27. Bxe4 fxe4 28. Qxe4 e5
29. Rac1 $16) (26... e5 27. Bxe4 fxe4 28. dxe5 Bxe5 29. Qxe4 $16) 27. Bxe4 fxe4
28. Qxe4 $16 {Black lost a pawn without any compensation. Weaknesses on e6 and
c6 made his position very difficult.} Rf8 29. f4 Rae8 30. Rac1 Qb7 31. Rc4 Rf6
32. Rdc1 Qb3 33. Qc2 Qf3 34. Rf1 Qg4 35. Qd1 Qg6 36. Qc2 Qg4 37. Qe4 Ref8 38.
Kh1 g5 $2 (38... Ne7 $142 $16) 39. Rxc6 Bb8 40. Nc5 $18 gxf4 41. Rxe6 Qh3 42.
Qg2 $1 Qxg2+ 43. Kxg2 f3+ 44. Kf2 Ba7 45. Rfe1 Rxe6 46. Rxe6 Rb8 47. Kxf3 (47.
b4 $5 $18) 47... Rxb2 48. Bg5 Rxh2 49. Rxa6 Bxc5 50. dxc5 Rc2 51. Rc6 Rc3+ 52.
Ke4 Nb4 53. Rc8+ Kf7 54. Bd2 Rc4+ (54... Rxg3 55. Bxb4 Rg4+ 56. Kf5 Rxb4 57.
Rc7+ Kg8 58. a6 $18) 55. Kf5 Nd5 56. Ke5 Ne7 57. Rc7 Ke8 58. Bg5 Ng6+ 59. Kd5
Rg4 60. Bf6 Rxg3 61. a6 Nf4+ 62. Ke4 Rg4 63. Kf5 Nd5 64. Rc8+ Kd7 65. Rd8+ Kc7
66. Rxd5 Ra4 67. Rd6 Ra5 68. Be5 (68. Bd8+ $18) 68... Rxc5 69. Rd5+ 1-0

[Event "HUN-ch 54th"]
[Site "Budapest"]
[Date "2004.08.20"]
[Round "2"]
[White "Ruck, Robert"]
[Black "Acs, Peter"]
[Result "1-0"]
[WhiteElo "2575"]
[BlackElo "2545"]
[Annotator "Huzman,A"]
[PlyCount "78"]
[EventDate "2004.08.19"]
[EventType "tourn"]
[EventRounds "9"]
[EventCountry "HUN"]
[EventCategory "13"]
[SourceTitle "CBM 103"]
[Source "ChessBase"]
[SourceDate "2004.11.11"]
[SourceVersion "1"]
[SourceVersionDate "2004.11.11"]
[SourceQuality "1"]

1. Nf3 d5 2. d4 Nf6 3. c4 dxc4 4. e3 e6 5. Bxc4 c5 6. O-O a6 7. Bb3 Nc6 8. Qe2
cxd4 9. Rd1 Be7 10. Nc3 O-O 11. Nxd4 Qc7 12. Nxc6 Qxc6 13. e4 b5 (13... Rd8 14.
Bg5 h6 15. Bh4 Qe8 16. e5 Rxd1+ 17. Rxd1 Nd7 18. Bxe7 Qxe7 19. Bc2 Nf8 20. Ne4
$16 {1/2-1/2 Ruck,R-Eliet,N/Charleville 2000/CBM 79 ext (39)}) 14. Bg5 (14. f3
b4 15. Na4 a5 16. Be3 Ba6 17. Qf2 $14 {1-0 Dub,Z-Vass,V/Budapest 2002/CBM 87
ext (25)}) 14... h6 (14... b4 15. Bxf6 Bxf6 16. Nd5 exd5 17. Bxd5 Qb5 18. Qxb5
axb5 19. Bxa8 Bg4 20. f3 Rxa8 21. fxg4 Bxb2 22. Rab1 Bc3 23. Rbc1 h5 24. Rc2
$16 {1-0 Lputian,S-Lazarev,V/Nareto 1999/EXT 2000 (56)}) (14... Bb7 15. Rac1
Qe8 16. e5 (16. a4 b4 17. e5 Nd7 18. Ne4 Bxe4 19. Bxe7 Qxe7 20. Qxe4 Nc5 21.
Qxb4 Rab8 22. Qxc5 Qxc5 23. Rxc5 Rxb3 24. Rd2 g5 25. Kf1 Rfb8 26. Rc6 $16 {
1/2-1/2 Khenkin,I-Volzhin,A/Stockholm 2002/CBM 85 ext (41)}) 16... Nd7 (16...
Nd5 17. Bxd5 Bxd5 18. Bxe7 Bc4 19. Qe4 Qxe7 20. b3 $16 {1-0 Farago,I-Ponater,M/
Bad Wiessee 2000/EXT 2003 (32)}) 17. Bf4 Nc5 18. Bc2 Qc6 19. Qg4 b4 20. Ne2
Rfd8 21. Bg5 Rxd1+ 22. Rxd1 Bxg5 23. Qxg5 Nd7 24. Nd4 $14 {0-1 Georgiev,
V-Sorokin,M/Linares 1999/CBM 68 ext (37)}) (14... Ra7 15. Rac1 Qe8 16. Bc2 e5
17. Bb3 Bg4 18. Qe3 Qb8 19. Rd3 Bh5 20. h3 Bg6 21. Rcd1 Rb7 22. Bxf6 Bxf6 23.
Nd5 $16 {1-0 Pinter,J-Savchenko,V/Dortmund 2000/EXT 2001 (41)}) 15. Bh4 (15.
Bxf6 Bxf6 16. Rac1 Qb6 17. e5 Bg5 18. Rc2 Bb7 19. Ne4 Bxe4 20. Qxe4 $14 {/=})
15... Bb7 16. Rac1 Qe8 17. Bg3 (17. e5 Nd7 18. Bxe7 Qxe7 19. Ne4 $6 Nxe5 20.
Nd6 Ng6 21. Qg4 Rad8 $6 (21... Kh7 22. Nxb7 (22. h4 Rad8 $17) (22. Bc2 Bd5)
22... Qxb7 23. Bc2 f5 24. Qg3 Rad8 $17) 22. Nxf7 $1 Rxd1+ 23. Rxd1 Kxf7 24.
Qf5+ Kg8 25. Qxg6 Bd5 $1 $14 {1/2-1/2 Kramnik,V-Ivanchuk,V/Moscow 2002/CBM 91/
[Huzman] (40)}) 17... Nd7 (17... Rd8 18. e5 Rxd1+ 19. Qxd1 (19. Rxd1 Qc6 20. f3
Nh5 $1 $11) 19... Ne4 20. Nxe4 Bxe4 21. Rc7 Bd8 22. Rd7 Bb6 $14) 18. a3 Rc8 19.
Ba2 Rc6 (19... Nb6 20. Be5 Nc4 21. Bxc4 Rxc4 22. Qg4 g6 23. Qh3 Kh7 $13) 20.
Bf4 (20. Nd5 $5 exd5 (20... Rxc1 21. Nxe7+ Qxe7 22. Rxc1 $14) (20... Bg5 21.
Nc7 $5 Qc8 22. Rxc6 Bxc6 23. Bd6 Rd8 24. f4 Bh4 25. g3 $16) 21. Rxc6 Bxc6 22.
exd5 Bb7 23. Re1 Nf6 24. Qxe7 Qxe7 25. Rxe7 Bxd5 26. Bb1 Rc8 27. f3 $14) 20...
Qc8 21. e5 $1 $36 {White has good chances for an attack due to his space
advantage.} Rd8 22. Qg4 Bf8 (22... Kf8 23. Rd3 $40 {[%cal Gd3g3]}) 23. Qg3 (23.
Bb1 a5 $1 24. Qg3 (24. Nxb5 $140 Nxe5 $11) (24. Be4 f5 25. exf6 Nxf6 $15) 24...
b4 25. Qd3 g6 26. Ne4 Rxc1 27. Rxc1 Qb8 28. axb4 axb4 29. Qd2 Bg7 30. Rd1 Qa8
$132) 23... g6 24. h4 Bg7 25. Qe3 Kh7 26. Bb1 $1 Nf8 (26... Nb6 27. h5 Nc4 28.
Qg3 Rxd1+ 29. Rxd1 Qe8 30. Ne4 $40) 27. Ne4 Rxc1 28. Rxc1 Qa8 29. h5 $16 {
[%mdl 32]} Bxe4 30. Bxe4 Qb8 31. g3 (31. Rc6 Kg8 32. hxg6 Bxe5 $1 33. gxf7+
Kxf7 34. Bxe5 Rd1+ 35. Kh2 Qxe5+ 36. f4 Qxb2 37. Rxa6 Qd4 $11) 31... Rc8 32.
Rxc8 Qxc8 33. Qa7 (33. b4 $5 {[%csl Ra6,Rb5]}) 33... Kg8 34. Bb7 (34. Qb7 Qc5
35. hxg6 fxg6 36. Kg2 g5 37. Be3 Qxe5 38. b4 $1 $16) 34... Qc2 35. Qd4 (35. b4
$5 g5 36. Be3 Bxe5 37. Qxa6 Qd1+ 38. Kg2 Qxh5 39. Qxb5 $16) 35... g5 (35... a5
36. Be4 $14) 36. Bd2 Qc7 (36... Bxe5 37. Qxe5 Qxd2 38. Bxa6 Qc1+ 39. Kh2 Qc2
40. Qd4 e5 41. Qb6 Ne6 $11 {[%cal Ye6d4]}) 37. Bxa6 Bxe5 38. Qd3 Bxb2 39. Bxb5
$14 Bc1 {Probably Black lost this game on time.} 1-0

[Event "North Urals Cup (Women) 2nd"]
[Site "Krasnoturinsk"]
[Date "2004.08.01"]
[Round "9"]
[White "Chiburdanidze, Maia"]
[Black "Galliamova, Alisa"]
[Result "1-0"]
[WhiteElo "2498"]
[BlackElo "2490"]
[Annotator "Huzman,A"]
[PlyCount "121"]
[EventDate "2004.07.24"]
[EventType "tourn"]
[EventRounds "9"]
[EventCountry "RUS"]
[EventCategory "9"]
[SourceTitle "CBM 103"]
[Source "ChessBase"]
[SourceDate "2004.11.11"]
[SourceVersion "1"]
[SourceVersionDate "2004.11.11"]
[SourceQuality "1"]

1. d4 d5 2. c4 dxc4 3. Nf3 e6 4. e3 c5 5. Bxc4 a6 6. O-O Nf6 7. dxc5 Qc7 8. b4
b6 (8... a5 9. Qa4+ (9. Bb5+ Bd7 10. Qa4 Bxb5 11. Qxb5+ Qd7 12. Nd4 axb4 13.
Bd2 e5 14. Qxd7+ Kxd7 15. Nc2 b3 16. axb3 Rxa1 17. Nxa1 Bxc5 18. Rd1 {1/2-1/2
Heilig,C-Martinez,A/Haarlem 1987/EXT 98 (18)}) 9... Bd7 10. b5 Bxc5 (10... Be7
11. Be2 O-O 12. Ba3 Bxc5 13. Rc1 $16 {1-0 Wochnik,M-Macalino,A/ICCF Email 2001/
(45)}) 11. Bb2 O-O 12. Rc1 Rc8 13. Bd3 Qd6 14. Rd1 Nd5 15. Nc3 Bb4 16. Nxd5
exd5 17. a3 Bc3 18. Bxc3 Rxc3 19. Qh4 $16 {1-0 Nett,P-Zhelezny,A/IECG 2002/
Telechess CBM 95 (35)}) 9. Bb2 bxc5 10. Nbd2 $1 (10. Be5 Qc6 11. Bb3 Nbd7 12.
bxc5 Bxc5 13. Nbd2 O-O 14. Bb2 Bb7 15. Rc1 Rfd8 16. Qc2 Rac8 $11 {1/2-1/2
Lhagva,J-Thorsteinsson,B/Lugano 1968/MCD (23)}) 10... Nbd7 ({Too risky is} 
10... cxb4 11. Rc1 Qd8 (11... Nc6 $2 12. Bxf6 gxf6 13. Bb3 Bd7 14. Nd4 $18) 12.
Ne5 $44 Bd6 (12... Bb7 13. Qa4+ Nbd7 14. Rfd1 Bd6 15. Be2 Bxe5 (15... Qe7 16.
Ndc4 $18) 16. Bxe5 O-O 17. Bd6 $16) 13. Qa4+ Bd7 14. Nxd7 Qxd7 (14... Nbxd7 15.
Bxf6 gxf6 16. Ne4 $18) 15. Qb3 O-O 16. Bxf6 gxf6 17. Ne4 Be7 18. Qb2 Kg7 19.
Rfd1 Qa7 (19... Qb7 20. Be2 Nd7 21. Nd6 Bxd6 22. Rxd6 Ne5 23. f4 Ng6 24. Bf3
$16) 20. Be2 Nd7 21. Rc6 $36) 11. Rc1 Qb8 12. Bxf6 gxf6 (12... Nxf6 13. bxc5
Bxc5 14. Bxe6 Bxe6 15. Rxc5 $16) 13. Ne4 $1 Qxb4 (13... cxb4 14. Bb3 $1 {
[%cal Gb3a4,Ga4e8]} f5 15. Ba4 $18) 14. Nh4 Be7 (14... Bb7 15. Rb1 Qxc4 16.
Rxb7 Qd5 17. Qb1 $1 $132) 15. Qg4 {[%mdl 32] The black king in the centre is a
good compensation for the sacrified pawn of White.} (15. Nd6+ $5 Bxd6 16. Qxd6
Qb8 17. Qd1 $44) 15... Qb6 (15... f5 16. Qg7 (16. Nxf5 exf5 17. Qxf5 Rf8 18.
Rfd1 Qb6) 16... Rf8 17. Ng5 Bf6 18. Qh6 Rg8 19. Nhf3 $44) (15... Ne5 16. Qf4
Rg8 17. Rfd1 Bd7 18. Be2 $44) 16. Qg7 Rf8 17. Be2 (17. Rfd1 $5) 17... Bb7 18.
Bf3 Bd5 (18... f5 19. Nd2 Bxh4 20. Nc4 Qc7 21. Bxb7 $44) 19. Ng3 Bxf3 20. Nxf3
f5 21. Qxh7 (21. Nh5 $5 Rb8 22. Rfd1 $40) 21... Nf6 $6 (21... Qb2 22. Rb1 Qh8 (
22... Qxa2 23. Nh5 $40) 23. Qxh8 Rxh8 24. Rb7 $14) 22. Qh6 Qb2 23. Qf4 Rh8 (
23... Qxa2 24. Ra1 Qb3 25. Rfb1 Qd3 26. Ne5 $40) 24. Qc7 $1 $16 Kf8 (24... Qb5
25. Rfd1 $16) 25. Ne5 Re8 (25... Qxa2 26. Rfd1 (26. Rxc5 $16) 26... Ng4 27.
Nxg4 fxg4 28. Ne4 $40) 26. Rxc5 Qxa2 27. Ra5 Qb2 28. Rxa6 Kg7 {Black has saved
from White's attack but as a result White has an extra pawn.} 29. Nf3 (29. Rb6
Nd5 30. Qxe7 Qxe5 31. Qg5+ Kf8 32. Rb5 $16) 29... Nd5 30. Qe5+ $6 Qxe5 31. Nxe5
f4 32. exf4 Nxf4 33. Ra4 Bg5 (33... Bd6 34. Re1 Nd5 $14) 34. Rd1 (34. h4 $5
Rxh4 (34... Bf6 35. Nd7 Nd5 36. Nxf6 $16) 35. Nf3 Ne2+ 36. Nxe2 Rxa4 37. Nxg5
$16) 34... Rd8 (34... Ra8 $142) 35. Rxd8 Rxd8 36. h4 $1 Bh6 37. Ra7 (37. Rxf4
$4 Rd1+ 38. Kh2 Bxf4 $17 {[%cal Yf4h2]}) 37... Rf8 38. Ng4 Nd5 39. Ne4 Bc1 40.
g3 Bb2 41. Kg2 Nf6 $6 42. Ngxf6 Bxf6 43. f4 $1 {In this endgame White has a
clear way to victory which he promotes accurately.} Bb2 44. Rb7 Ba1 45. Kf3 Kg6
46. g4 Bd4 47. h5+ Kg7 48. g5 $18 Kg8 49. Rd7 Ba1 50. Nd6 Bb2 51. Kg4 Bc3 52.
h6 Bb2 53. Kh5 Bc3 54. Ne4 Bb2 55. Rb7 Bd4 56. Rd7 Bb2 57. Nd6 Bc3 58. h7+ (58.
g6 fxg6+ 59. Kg5 $1 Bb2 60. h7+ Kh8 61. Kh6 $18) 58... Kxh7 59. Nxf7 Kg8 (59...
Bg7 60. Re7 Kg8 61. Kg6 $18) 60. Nh6+ Kh8 61. Kg6 1-0

[Event "North Urals Cup (Women) 2nd"]
[Site "Krasnoturinsk"]
[Date "2004.07.29"]
[Round "6"]
[White "Stefanova, Antoaneta"]
[Black "Matveeva, Svetlana"]
[Result "1-0"]
[WhiteElo "2527"]
[BlackElo "2482"]
[Annotator "Huzman,A"]
[PlyCount "111"]
[EventDate "2004.07.24"]
[EventType "tourn"]
[EventRounds "9"]
[EventCountry "RUS"]
[EventCategory "9"]
[SourceTitle "CBM 103"]
[Source "ChessBase"]
[SourceDate "2004.11.11"]
[SourceVersion "1"]
[SourceVersionDate "2004.11.11"]
[SourceQuality "1"]

1. d4 d5 2. c4 dxc4 3. Nf3 Nf6 4. e3 e6 5. Bxc4 c5 6. O-O a6 7. dxc5 Qxd1 8.
Rxd1 Bxc5 9. Be2 Nbd7 10. Nfd2 (10. b3 b6 11. Bb2 Bb7 12. Nbd2 Ke7 (12... O-O
13. Nc4 Rfd8 14. Nfe5 (14. Rac1 Kf8 15. Kf1 Bd5 16. Nce5 Nxe5 17. Nxe5 Bb7 18.
g4 Nd5 19. e4 Nf6 20. f3 $14 {1-0 Bareev,E-Svidler,P/Elista 1997/CBM 59 (44)})
(14. Bd4 b5 15. Bxc5 Nxc5 16. Na5 Bd5 17. Rdc1 Rac8 18. Nd4 Kf8 19. f3 Nb7 20.
Nac6 Bxc6 21. Nxc6 Rd2 22. Bf1 Nd5 23. e4 Ne3 24. Nb4 Rxc1 25. Rxc1 Nd6 26. e5
Ndf5 $2 27. Rc8+ Ke7 28. Nc6+ $18 {1/2-1/2 Gallegos,P-Zhao,P/Philadelphia USA
2004/(48)}) 14... Nxe5 15. Nxe5 Rac8 16. Rxd8+ Rxd8 17. Rd1 Rxd1+ 18. Bxd1 $11
{1/2-1/2 Maric,A-Levushkina,E/Moscow 2001/CBM 85 ext (30)}) 13. Ne1 Bd5 14. Nd3
Bd6 15. f3 e5 16. e4 Be6 17. f4 Bg4 18. Bxg4 Nxg4 19. Nc4 $16 {1-0 Skalik,
P-Weglarz,L/Augustow 1996/CBM 57 (26)}) (10. Nbd2 b6 11. Nb3 Be7 12. Nfd4 Bb7
13. f3 O-O (13... g5 14. e4 Rg8 15. Be3 g4 16. Kf2 gxf3 17. gxf3 Rc8 18. Rac1
Rxc1 19. Bxc1 Nh5 20. Be3 Bh4+ 21. Kf1 Be7 22. a4 Bd8 23. Rc1 Nhf6 24. Nc6 $16
{1-0 Wojtkiewicz,A-Lazarev,V/Geneve 2001/EXT 2002 (36)}) 14. e4 Nc5 {1/2-1/2
Saric,I-Stevic,H/Neum 2002/EXT 2003 (14)}) 10... b6 11. Nb3 Be7 12. f3 Nc5 13.
Nd4 Bd7 14. e4 O-O (14... e5 15. Nc2 (15. Nf5 Bxf5 16. exf5 g6 17. fxg6 hxg6
18. Nc3 Ne6 19. Be3 Nd4 $11) 15... O-O 16. Nc3 Rfd8 17. Be3 Ne6 18. Rac1 $14)
15. Nc3 Rfc8 16. e5 $1 Ne8 17. f4 $14 {Even in the endgame the space advantage
is important and gives an advantage to White.} Na4 18. Ne4 $1 (18. Nxa4 Bxa4
19. b3 Bd7 20. Nf5 Bc5+ 21. Be3 Ra7 22. Bxc5 Rxc5 23. Nd6 Kf8 $14) 18... Ra7
19. Rb1 b5 (19... Nc5 20. Bf3 Rac7 21. Be3 $14) 20. Be3 Rac7 21. Bf3 h6 22. g4
Nc5 23. Kf2 Nxe4+ (23... f6 $142 24. Rbc1 (24. exf6 Nxe4+ 25. Bxe4 Nxf6 26. Bf3
e5 $1 $132) (24. Ke2 $5 b4 25. Rbc1 $14) 24... fxe5 25. fxe5 Nd3+ 26. Rxd3 Rxc1
27. Bxc1 Rxc1 28. Nc3 Bc8 29. a3 $14 {[%csl Ra6,Rb5]}) 24. Bxe4 Bc5 25. f5 Bxd4
26. Rxd4 Bc6 (26... f6 27. Bf4 Bc6 28. Bd3 $1 fxe5 29. Bxe5 Rf7 30. Kg3 $36)
27. Bd3 $1 Bd5 28. Ra1 (28. b3 Rc3 29. Rd1 $14) 28... Rc6 29. g5 $1 {[%mdl
4128] White starts the attack. It is important that he prevented exchange of
pieces by his previous moves.} hxg5 30. Bxg5 Rc5 (30... f6 $5 31. exf6 (31. Bf4
fxe5 32. Bxe5 Nf6 33. a4 $40) 31... Nxf6 32. Bxf6 gxf6 33. a4 $1 (33. Rg1+ Kf7
34. Rh4 Ke7 $11) 33... bxa4 (33... Bc4 34. Rg1+ Kf8 35. Be4 $36) 34. Raxa4 Rb6
35. b4 Rcc6 $140 36. b5 $1 axb5 37. Ra8+ Kg7 38. Ra7+ Kf8 39. fxe6 $18) 31. b4
Rc3 32. a4 Bc4 33. Be4 exf5 (33... Nc7 $5 34. Bd2 (34. axb5 Nxb5 35. Rd7 Rb3
36. Be7 exf5 37. Bxf5 Be6 38. Bxe6 Rc2+ $1 39. Ke1 fxe6 $15) 34... Rh3 35. Kg2
Rh8 36. axb5 Nxb5 (36... axb5 37. Ra7 Bd5 38. Bxd5 Nxd5 $132) 37. Rd7 exf5 38.
Bxf5 Rh5 $132) 34. Bxf5 Be6 35. Bd3 Nc7 36. Bd2 Rc6 (36... Rb3 37. Rc1 $16) 37.
Rh4 $1 $40 bxa4 (37... Rd8 38. Bh7+ Kf8 39. Bg5 $16) 38. Rxa4 Rd8 $2 (38... f6
$1 39. exf6 Rd8 40. Ke2 (40. Bh7+ Kf7 41. Bf4 g6 $11) 40... gxf6 41. Ra1 $1 $40
{[%cal Ga1g1]}) 39. Bh7+ Kf8 40. Bg5 Rd1 $2 (40... f6 $8 41. exf6 gxf6 42. Bxf6
Rd2+ 43. Ke3 Rd1 44. Ra1 $16) 41. Be4 $18 f6 42. Rh8+ Kf7 43. Bxc6 fxg5 44. Rb8
Rc1 45. Be4 Ke7 (45... Bd7 $142 46. Ra3 Bb5 $18) 46. Ra3 Rc4 47. Bd3 Rh4 48.
Rb7 Kd8 (48... Rxh2+ 49. Kg1 Rh1+ 50. Kxh1 Bd5+ 51. Kg1 Bxb7 52. b5 $1 $18) 49.
Bf1 Rxh2+ 50. Kg3 Rh1 51. Bg2 Rc1 (51... Rg1 52. Rb8+ Ke7 53. Kf2 Rc1 54. Rb7
Rc2+ 55. Ke3 Rxg2 56. Rxc7+ Kd8 57. Rac3 $18) 52. Rd3+ Kc8 (52... Ke7 53. Rd6
Bd7 54. Rg6 Ne6 55. Bd5 $18) 53. Rb6 $1 Bc4 54. Bb7+ Kb8 55. Be4+ Kc8 56. Bf5+
1-0

[Event "Olympiad-36"]
[Site "Mallorca"]
[Date "2004.10.26"]
[Round "11"]
[White "Miton, Kamil"]
[Black "Manik, Mikulas"]
[Result "1-0"]
[WhiteElo "2600"]
[BlackElo "2510"]
[Annotator "Huzman,A"]
[PlyCount "39"]
[EventDate "2004.10.15"]
[EventType "team-swiss"]
[EventRounds "14"]
[EventCountry "ESP"]
[SourceTitle "CBM 104"]
[Source "ChessBase"]
[SourceDate "2005.01.27"]
[SourceVersion "1"]
[SourceVersionDate "2005.01.27"]
[SourceQuality "1"]
[WhiteTeam "Poland"]
[BlackTeam "Slovakia"]
[WhiteTeamCountry "POL"]
[BlackTeamCountry "SVK"]

1. Nf3 (1. d4 d5 2. c4 dxc4 3. Nf3 Nf6 4. Nc3 a6 5. e3 e6 6. Bxc4 c5 7. O-O b5
8. Bb3 Bb7 9. e4 cxd4 (9... Be7 10. e5 Nd5 11. Nxd5 Bxd5 12. Bxd5 Qxd5 13. dxc5
Qxd1 14. Rxd1 Bxc5 15. Bf4 Nd7 16. Rac1 $14 {0-1 Mira,H-Zayac,E/Varna 2002/CBM
88 ext (57)}) 10. Nxd4 Nc6 (10... b4 11. e5 Nfd7 12. Bxe6 Nc5 13. Bc4 bxc3 14.
e6 Nxe6 15. Re1 Be7 16. Bxe6 fxe6 17. Qh5+ g6 18. Qe5 O-O 19. Nxe6 Bf6 20. Qc5
Nd7 $17 {0-1 Barkhagen,J-Maksimenko,A/Aalborg 1995/CBM 49 ext (24)}) (10...
Nbd7 11. Re1 Nc5 12. Bd5 (12. e5 $146 Nxb3 13. axb3 Nd7 14. Qg4 b4 15. Na4 Bd5
16. h4 h5 17. Qg3 g6 18. Bg5 Qb8 19. Rac1 $14 {1-0 Fominyh,A-Ganguly,S/
Kelamabakkam 2000/CBM 79/[Huzman] (35)}) 12... Nxd5 (12... Qb6 13. b4 Ncd7 14.
Be3 exd5 15. exd5 Bxb4 16. Nc6 $16 {1-0 Bosboom,M-Van den Bergh,J/Haarlem 1998/
EXT 99 (20)}) 13. exd5 b4 14. dxe6 bxc3 15. Qg4 Qd5 $17 {1/2-1/2 Zvjaginsev,
V-Yakovich,Y/Moscow 1995/CBM 46 ext (22)}) 11. Be3 (11. Nxc6 Qxd1 12. Rxd1 Bxc6
13. f3 Bc5+ 14. Kf1 h6 15. Bf4 O-O 16. Ne2 Rfc8 17. Rac1 Ba7 18. Be5 Be8 19.
Rc7 Rxc7 20. Bxc7 Nd7 21. Ba5 Nc5 $11 {1/2-1/2 Zvjaginsev,V-Adianto,U/Biel
1995/CBM 49 (36)}) 11... Be7 (11... Ne5 12. Qe2 Neg4 13. e5 Nxe3 14. fxe3 Nd7
15. Rxf7 Kxf7 16. Nxe6 Qb8 17. Nxg7+ $1 Ke7 18. Qh5 $40 {1-0 Naer,E-Grabuzova,
T/Moscow 1998/EXT 2000 (21)}) 12. Nxc6 Bxc6 13. Qe2 O-O 14. e5 Nd7 15. Rfd1 Qa5
16. Bd4 b4 17. Ne4 Nxe5 18. Rac1 Bxe4 19. Qxe4 Ng6 20. g3 $44 {0-1 Idigoras
Guisasola,G-Martin,P/Buenos Aires 1954/EXT 2003 (29)}) 1... d5 2. c4 c6 3. e3
Nf6 4. Nc3 a6 5. Be2 dxc4 6. Bxc4 b5 7. Bb3 c5 8. O-O e6 9. d4 Bb7 10. e4 Nxe4
11. Nxe4 Bxe4 12. Re1 Bd5 $6 {White can open the position with big benefit now.
} (12... Bb7 13. d5 (13. Bg5 Be7 14. Bxe7 Qxe7 15. d5 c4 16. dxe6 fxe6 17. Bc2
O-O 18. Ne5 $44) 13... c4 14. dxe6 Qxd1 15. Bxd1 (15. exf7+ Kxf7 16. Ng5+ Kg8
17. Bxd1 h6 18. Ne6 Bb4 $11) 15... Bb4 16. Re3 O-O (16... fxe6 17. Ng5 Nd7 18.
Nxe6 $36) 17. Ng5 fxe6 18. Nxe6 Re8 19. Nc7 Rd8 20. Bc2 $14) 13. dxc5 Bxb3 14.
Qxb3 Bxc5 (14... Nc6 15. Bf4 (15. Bg5 Be7 16. Rad1 Qc7 17. Bxe7 Nxe7 18. Qd3
O-O 19. Qd6 Rfc8 $14) 15... Be7 16. Rad1 Qc8 17. Bd6 $16) 15. Qc3 $1 Nd7 (15...
Qb6 16. Qxg7 Bxf2+ 17. Kf1 Rf8 18. Re2 Bc5 19. Bg5 Nd7 20. Rd1 $40 {[%csl Re8]}
) (15... Bf8 16. Bg5 $18) 16. Bg5 $1 f6 (16... Qb6 $142) (16... Be7 17. Qxg7
Rf8 18. Rad1 $16) 17. Rxe6+ Kf7 18. Qb3 $1 $18 {[%mdl 4]} Kf8 (18... fxg5 19.
Nxg5+ Kf8 (19... Qxg5 20. Rxa6+ Ke7 21. Re1+ Ne5 22. Qe6+ $18) 20. Rxa6 Ne5 21.
Ne6+ $18) 19. Bf4 g5 20. Bd6+ (20. Bd6+ Bxd6 (20... Kg7 21. Re7+ Kh6 22. Nxg5
$1 $18) 21. Rxd6 Qe7 22. Qd5 Ra7 23. Re1 Qf7 (23... Qg7 24. Rc6 $18) 24. Qd4
$18 {[%cal Gd4a7,Gf3g5,Gd4h8]}) 1-0